Statistics for Bible Multiple Choice

Click here to take the quiz!

General Stats

  • This quiz has been taken 212 times
  • The average score is 11 of 15

Answer Stats

QuestionAnswer% Correct
On the 7th day, God restedGenesis
98%
The birth of JesusMatthew
96%
The Israelites leave Egypt and go wandering, seeking the Promised LandExodus
89%
This guy gets swallowed by a whale, but still gets out aliveJonah
88%
The shortest, two word, verse of the Bible: Jesus weptJohn
83%
The temple of God opens in heaven, where the ark of His covenant can be seen. There are lightnings, noises, thunderings, an earthquake, and great hailRevelation
81%
The walls of Jericho crash down at the sound of trumpetsJoshua
80%
Jesus feeds the five thousand, then walks on waterMatthew
80%
Underdog David beats Goliath thanks to his slingshot skillsI Samuel
79%
Jesus is killedMark
76%
Let him kiss me with the kisses of his mouth! For your love is better than wine, your anointing oils are fragrant, your name is perfume poured outSongs of Solomon
68%
This book's namesake laments his life: What is my strength, that I should hope? and what is mine end, that I should prolong my life?Job
61%
People stop being able to understand each other during the Tower of Babel's constructionGenesis
55%
By the rivers of Babylon, there we sat down and weptPsalms
40%
Jesus fasts for 40 days and 40 nightsMatthew
30%

Score Distribution

Percentile by Number Answered

Percent of People with Each Score

Your Score History

You have not taken this quiz